Vainqueur du Championnat international d'Europe de rugby à XV. (1935 - ...) - Statistiques

Statistiques générales
  • Ce quiz a été pris 397 fois
  • Le résultat moyen est 6 sur 7
Statistiques - réponses
Titres Nations % Correct
1935 | 1936 | 1937 | 1938 | 1952 | 1954 France
87%
1966 | 1967 | 1968 | 1970 | 1971 | 1972 |1973 | 1974 | 1976 | 1978 | 1979 | 1980 | 1982 | 1984 | 1985 | 1987 | 1989 | 1990 | 1992 | 1994 France A
87%
1996 | 1998 Italie
86%
1997 Espagne
85%
2008 | 2010 | 2012 | 2014 | 2016 | 2018 |2019 | 2020 | 2021 | 2022 | 2023 | 2024 | 2025 Géorgie
82%
2004 | 2026 Portugal
81%
1969 | 1975 | 1977 | 1981 | 1983 | 2000 |2002 | 2006 | 2017 Roumanie
79%
Aucun quiz correspondant
Distribution des résultats
% des personnes avec chaque résultat
Percentile par nombre de réponses
Votre historique - résultats
Vous n’avez pas pris ce quiz